Name That Food - Statistics

General Stats
  • This quiz has been taken 24 times
  • The average score is 3 of 13
Answer Stats
Description Answer % Correct
Cheesy, savory, Greasy Pizza
78%
Sausage in bun Hot Dog
56%
Bread, meat, cheese Sandwich
56%
Crispy, Chewy, Chocolatey Chocolate Chip Cookie
39%
Wiggly, Fruit, Dessert Jell-O
22%
Gooey, cheesy comfort Mac & Cheese
17%
Hot, Salty, Crispy French Fries
11%
Crispy, juicy, flavorful Fried Chicken
11%
Crispy, Golden, Bites Chicken Nuggets
6%
Small, Frosted, Sweet Cupcake
6%
Juicy, savory, meaty Hamburger
6%
Hearty, Hot Meal Noodles
6%
Buttery, Sweet, Chewy Corn On The Cob
0%
No matching quizzes found
Score Distribution
Percent of People with Each Score
Percentile by Number Answered
Your Score History
You have not taken this quiz